Zákon o vnitřním obchodě Text a komentář

Enregistré dans:
Détails bibliographiques
Auteur principal: Šípek, Ladislav
Autres auteurs: Škaloud, Miroslav
Format: Livre
Langue:tchèque
Publié: Praha Merkur 1986
Édition:2. dopln. vyd.
Tags: Ajouter un tag
Pas de tags, Soyez le premier à ajouter un tag!

MARC

LEADER 00000nam a2200000 4500
001 c028231
005 20221220073356.0
041 0 |a cze 
044 |a CZ 
245 1 0 |a Zákon o vnitřním obchodě  |b Text a komentář  |c Ladislav Šípek, Miroslav Škaloud 
250 |a 2. dopln. vyd. 
264 1 |a Praha  |b Merkur  |c 1986 
300 |a 206 s. 
100 1 |a Šípek, Ladislav 
700 1 |a Škaloud, Miroslav